[Event "ICS rated standard match"]
[Site "204.178.125.65"]
[Date "2000.03.20"]
[Round "?"]
[White "Hossa"]
[Black "Daysleeper"]
[Result "1-0"]
[WhiteElo "2273"]
[BlackElo "2129"]
[PlyCount "87"]

1. e4 c5 2. c3 e5 3. Nf3 Nc6 4. Bc4 Qc7 5. Qb3 Nd8 6. d4 exd4 7. cxd4 cxd4 8.
Nxd4 Nf6 9. Nc3 Bc5 10. Ndb5 Qb8 11. Nd5 Nxd5 12. Bxd5 O-O 13. Qc3 Bd6 14. Nxd6
Qxd6 15. O-O Nc6 16. Be3 Qe7 17. Rad1 Nd8 18. Bc5 Qg5 19. f4 Qh4 20. Bxf8 Kxf8
21. Qe5 Nc6 22. Bxc6 dxc6 23. Qc7 Bg4 24. Qxb7 Re8 25. Rd4 Be2 26. Rf2 Qf6 27.
Qb4+ Kg8 28. Rxe2 Qxf4 29. Qc5 Qg4 30. Rf2 h6 31. Qxa7 Qg6 32. Qd7 Re6 33. Rf5
c5 34. Rxc5 Kh7 35. Rf5 Rc6 36. Rxf7 Rc1+ 37. Rf1 Rc2 38. Rf2 Rc1+ 39. Rd1 Rc4
40. e5 Qb6 41. Qd3+ Kh8 42. Qxc4 Qa5 43. Rf8+ Kh7 44. Qd3+ 1-0

[Event "ICS rated standard match"]
[Site "204.178.125.65"]
[Date "2000.03.20"]
[Round "?"]
[White "Daysleeper"]
[Black "Hossa"]
[Result "0-1"]
[WhiteElo "2050"]
[BlackElo "2274"]
[PlyCount "76"]

1. e4 c5 2. Nf3 Nc6 3. d4 cxd4 4. Nxd4 Nf6 5. Nc3 d6 6. Rg1 e6 7. Be3 Be7 8. g4
Nxd4 9. Bxd4 O-O 10. g5 Nd7 11. h4 Ne5 12. Be2 b6 13. Qd2 Nc6 14. Be3 Ne5 15.
f4 Nc6 16. h5 f5 17. O-O-O fxe4 18. Nxe4 d5 19. Nf6+ Kh8 20. f5 d4 21. Bf2 exf5
22. Bc4 Na5 23. Bd5 Bb7 24. Bxb7 Nxb7 25. Qf4 gxf6 26. g6 Rg8 27. Rxd4 Qc8 28.
Qh6 Rg7 29. Rgd1 Nc5 30. Rc4 Qe6 31. Rcd4 Qxa2 32. Rd7 Nxd7 33. Rxd7 Qa1+ 34.
Kd2 Bb4+ 35. Ke2 Rxd7 36. g7+ Kg8 37. Qxf6 Qd1+ 38. Ke3 Bd2# 0-1

[Event "ICS rated blitz match"]
[Site "204.178.125.65"]
[Date "2000.03.20"]
[Round "?"]
[White "Hossa"]
[Black "Muskovit3"]
[Result "0-1"]
[WhiteElo "2466"]
[BlackElo "2699"]
[PlyCount "90"]

1. e4 c5 2. Nf3 d6 3. d4 cxd4 4. Nxd4 Nf6 5. Nc3 g6 6. Be3 Bg7 7. f3 O-O 8. Qd2
Nc6 9. O-O-O d5 10. exd5 Nxd5 11. Nxc6 bxc6 12. Bd4 e5 13. Bc5 Be6 14. Ne4 Re8
15. h4 h6 16. g4 Qc7 17. g5 h5 18. Bc4 Rad8 19. Qf2 Rd7 20. Rd2 Red8 21. Rhd1
Rb8 22. Ba3 Qb6 23. Qe1 Bf8 24. Bxd5 Bxa3 25. Bb3 Rxd2 26. Nf6+ Kg7 27. Rxd2
Bb4 28. c3 Bxb3 29. axb3 Bxc3 30. bxc3 Qxb3 31. Re2 Qb1+ 32. Kd2 Rd8+ 33. Ke3
Qb6+ 34. Ke4 Rd4+ 35. Ke3 Rd1+ 36. Ke4 Qb1+ 37. Ke3 Rxe1 38. Kf2 Rf1+ 39. Kg3
Qc1 40. Nd5 cxd5 41. Kg2 Rh1 42. Kg3 Qf4+ 43. Kf2 Rh2+ 44. Kg1 Qg3+ 45. Rg2
Qxg2# 0-1

[Event "ICS rated blitz match"]
[Site "204.178.125.65"]
[Date "2000.03.20"]
[Round "?"]
[White "Bannon"]
[Black "Hossa"]
[Result "0-1"]
[WhiteElo "2071"]
[BlackElo "2459"]
[PlyCount "76"]

1. e4 e5 2. Nf3 Nc6 3. Bc4 Bc5 4. O-O d6 5. c3 Qf6 6. b4 Bb6 7. d3 Bg4 8. Nbd2
Nge7 9. a4 a6 10. a5 Ba7 11. h3 Be6 12. b5 Bxc4 13. dxc4 Nd8 14. Nb3 Qe6 15.
Qd3 axb5 16. Nbd2 bxc4 17. Nxc4 O-O 18. Be3 Bxe3 19. fxe3 Ndc6 20. Rfb1 Qc8 21.
Rb5 b6 22. Rab1 Nxa5 23. Nxa5 Rxa5 24. Rxa5 bxa5 25. Qb5 Qa8 26. Nd2 Nc6 27.
Qd5 a4 28. Nc4 g6 29. Na3 Ne7 30. Qxa8 Rxa8 31. Kf2 Nc6 32. Ke2 Ra7 33. Kd3 h5
34. Kc4 Na5+ 35. Kd5 Kf8 36. Rb8+ Ke7 37. Rc8 Rb7 38. Nc4 Rb5# 0-1

[Event "ICS rated blitz match"]
[Site "204.178.125.65"]
[Date "2000.03.20"]
[Round "?"]
[White "Muskovit3"]
[Black "Hossa"]
[Result "1-0"]
[WhiteElo "2706"]
[BlackElo "2469"]
[PlyCount "133"]

1. d4 d5 2. c4 e6 3. Nc3 Nf6 4. cxd5 exd5 5. Bg5 Be7 6. e3 O-O 7. Bd3 c6 8. Qc2
Nbd7 9. Nf3 Re8 10. O-O Nf8 11. Rae1 Ng6 12. Rc1 Be6 13. h3 Qc7 14. Rfe1 Rac8
15. Qb3 Ne4 16. Bxe7 Qxe7 17. Qa4 Bf5 18. Qxa7 Ra8 19. Qb6 Nxc3 20. Bxf5 Nxa2
21. Rc5 Ra6 22. Qb3 Nf8 23. e4 Qc7 24. exd5 Rxe1+ 25. Nxe1 Qe7 26. Nd3 cxd5 27.
Qxd5 Ra4 28. Rc8 g6 29. Be4 Nb4 30. Qe5 Ra1+ 31. Kh2 Qxe5+ 32. Nxe5 Kg7 33. Rc4
Nc6 34. Nxc6 bxc6 35. b4 Ne6 36. Bxc6 Rd1 37. d5 Nd4 38. Ba4 Rd2 39. d6 Ne6 40.
d7 Rxf2 41. b5 Rd2 42. b6 Rb2 43. Re4 Nd8 44. Re8 Nb7 45. Bc6 Rxb6 46. Bxb7 Rd6
47. d8=Q Rxd8 48. Rxd8 Kf6 49. Bd5 Ke7 50. Rh8 f5 51. Rxh7+ Kf6 52. h4 Ke5 53.
Bb3 Kf6 54. Kg3 Ke5 55. Bf7 g5 56. hxg5 f4+ 57. Kg4 Kd6 58. Kxf4 Kc5 59. g6 Kd4
60. g7 Kc5 61. g8=Q Kd4 62. Qh8+ Kc5 63. Qc8+ Kb4 64. Qb8+ Kc5 65. Rh5+ Kd4 66.
Qb2+ Kd3 67. Rh3# 1-0

[Event "ICS rated blitz match"]
[Site "204.178.125.65"]
[Date "2000.03.20"]
[Round "?"]
[White "Hossa"]
[Black "Muskovit3"]
[Result "1-0"]
[WhiteElo "2462"]
[BlackElo "2713"]
[PlyCount "76"]

1. e4 c5 2. Nf3 Nc6 3. Bb5 g6 4. O-O Bg7 5. Re1 Nf6 6. e5 Nd5 7. Nc3 Nc7 8.
Bxc6 dxc6 9. Ne4 Ne6 10. d3 O-O 11. Be3 Qb6 12. Rb1 Qa5 13. a3 Rd8 14. Bxc5
Nxc5 15. b4 Qxa3 16. Nxc5 b6 17. Ne4 Bg4 18. Neg5 h6 19. h3 Bf5 20. Ne4 Bxe4
21. Rxe4 a5 22. Rc4 b5 23. Rxc6 axb4 24. Qe1 Ra4 25. e6 f5 26. Rb3 Qa1 27. Rb1
Qa3 28. Rc7 Bc3 29. Qe3 Qa2 30. Rc1 Bg7 31. Rxe7 Ra6 32. Rxg7+ Kxg7 33. Qe5+
Kg8 34. Qf6 Rc8 35. Qxg6+ Kh8 36. Qxh6+ Kg8 37. Qg6+ Kh8 38. Ng5 Rc7 1-0

[Event "ICS rated blitz match"]
[Site "204.178.125.65"]
[Date "2000.03.20"]
[Round "?"]
[White "Muskovit3"]
[Black "Hossa"]
[Result "1/2-1/2"]
[WhiteElo "2687"]
[BlackElo "2488"]
[PlyCount "138"]

1. d4 Nf6 2. c4 e6 3. Nc3 Bb4 4. Qc2 d5 5. cxd5 exd5 6. Bg5 h6 7. Bh4 c5 8.
dxc5 Nc6 9. e3 g5 10. Bg3 Qa5 11. O-O-O Bxc3 12. Qxc3 Qxc3+ 13. bxc3 Ne4 14.
Kb2 Bf5 15. Bd3 Nxg3 16. hxg3 Bg4 17. Nf3 O-O-O 18. Bc2 Bxf3 19. gxf3 Ne5 20.
Bb3 Nxf3 21. Bxd5 Ne5 22. e4 h5 23. f4 gxf4 24. gxf4 Ng6 25. Rdf1 Rh7 26. c6
bxc6 27. Bxc6 Rd6 28. Bd5 Rb6+ 29. Kc2 Rf6 30. f5 Ne5 31. Rfg1 Rh8 32. Rg7 h4
33. Rh2 Kd7 34. c4 Ke7 35. Kc3 Rd6 36. Rh3 a5 37. Kd4 Nc6+ 38. Kc5 Ne5 39. a4
Rc8+ 40. Kb5 Rh6 41. c5 Rhh8 42. Rg5 Kf6 43. Rg2 Rc7 44. Kb6 Rcc8 45. c6 Ke7
46. Rc2 Kd6 47. c7 Nd7+ 48. Kb5 Rxc7 49. Rxc7 Kxc7 50. Bxf7 Kd6 51. Rd3+ Ke7
52. Be6 Rb8+ 53. Kxa5 Nc5 54. Rh3 Nxe6 55. fxe6 Rh8 56. Kb6 Kxe6 57. a5 Ke5 58.
a6 Rh6+ 59. Kb5 Rh7 60. Ra3 Kxe4 61. a7 Rxa7 62. Rxa7 Kf3 63. Rh7 Kg3 64. Rg7+
Kf3 65. Rc7 h3 66. Rc2 Kg3 67. Rc1 h2 68. Rh1 Kg2 69. Rxh2+ Kxh2 1/2-1/2

[Event "ICS rated blitz match"]
[Site "204.178.125.65"]
[Date "2000.03.20"]
[Round "?"]
[White "Hossa"]
[Black "Muskovit3"]
[Result "1/2-1/2"]
[WhiteElo "2496"]
[BlackElo "2679"]
[PlyCount "191"]

1. Nf3 d5 2. c4 d4 3. e3 Nc6 4. exd4 Nxd4 5. Nxd4 Qxd4 6. Nc3 e5 7. d3 Ne7 8.
Qe2 Bd7 9. Be3 Qd6 10. O-O-O O-O-O 11. d4 exd4 12. Bxd4 Qa6 13. Qe4 Be6 14. Qf4
Nf5 15. Be2 Nxd4 16. Rxd4 Bc5 17. Rdd1 Rhe8 18. Bg4 Bd6 19. Bxe6+ Rxe6 20. Qg4
g6 21. c5 Bxc5 22. Rxd8+ Kxd8 23. Qh4+ Kc8 24. Qxh7 Qc6 25. Rd1 Qe8 26. Qh4 Re1
27. Qf4 Rxd1+ 28. Kxd1 Bd6 29. Qh4 Be5 30. Qe4 Qd7+ 31. Kc1 Bxh2 32. g3 Qd8 33.
Ne2 Kb8 34. f4 a6 35. Qg2 Qh8 36. Kb1 c6 37. Kc2 Kc7 38. Qe4 Qf6 39. b4 b6 40.
Qg2 Qh8 41. Nc3 f6 42. a3 Qh5 43. a4 g5 44. fxg5 fxg5 45. Ne2 a5 46. bxa5 bxa5
47. Qe4 Qf7 48. Qe5+ Kb6 49. Qd4+ Kb7 50. Kc1 Qe7 51. Kd1 Qe6 52. Qg7+ Ka6 53.
Qc3 Qe4 54. Kd2 Qxa4 55. Ke3 g4 56. Kf2 Qe4 57. Nd4 Kb6 58. Qb2+ Kc7 59. Qd2
Qe5 60. Qd3 Qd5 61. Qe3 c5 62. Qe7+ Kb6 63. Qf6+ Kb7 64. Qg7+ Kc8 65. Qxg4+ Kb7
66. Qg7+ Ka6 67. Qh6+ Ka7 68. Qh7+ Ka8 69. Ne2 c4 70. Qxh2 Qf5+ 71. Ke3 Qd3+
72. Kf4 Qd6+ 73. Ke4 Qg6+ 74. Kd4 Qd6+ 75. Kxc4 Qb4+ 76. Kd5 Qb2 77. Qf2 Qb7+
78. Kd6 Qb8+ 79. Ke6 Qe8+ 80. Kd5 Qb5+ 81. Ke4 Qb7+ 82. Ke3 Qb3+ 83. Kd2 Qa2+
84. Kc3 Qa1+ 85. Kc4 Qa4+ 86. Kd3 Qb5+ 87. Kc2 Qa4+ 88. Kb2 Qb4+ 89. Ka1 Qa3+
90. Kb1 Qb4+ 91. Kc1 Qc4+ 92. Kd2 Qa2+ 93. Kd1 Qb3+ 94. Kc1 Qc4+ 95. Kd2 Qa2+
96. Kd1 1/2-1/2

[Event "ICS rated blitz match"]
[Site "204.178.125.65"]
[Date "2000.03.20"]
[Round "?"]
[White "Muskovit3"]
[Black "Hossa"]
[Result "1-0"]
[WhiteElo "2671"]
[BlackElo "2504"]
[PlyCount "119"]

1. e4 c5 2. Nf3 Nc6 3. d4 cxd4 4. Nxd4 Nf6 5. Nc3 d6 6. Bg5 e6 7. Qd2 a6 8.
O-O-O h6 9. Be3 Bd7 10. f4 Be7 11. Kb1 b5 12. Bd3 O-O 13. h3 Qc7 14. g4 Rfc8
15. g5 hxg5 16. fxg5 Nh5 17. Nxc6 Bxc6 18. Qf2 b4 19. Ne2 Ba4 20. Rd2 Bb5 21.
Rf1 Bd8 22. Nd4 Bxd3 23. Rxd3 Qe7 24. Bd2 Bb6 25. Bxb4 Bc5 26. Bxc5 dxc5 27.
Ne2 g6 28. Rf3 Rf8 29. Nc3 Rad8 30. Qe3 Qd6 31. e5 Qd4 32. Ne4 Rd5 33. Qxd4
cxd4 34. Nd6 f5 35. gxf6 Rxe5 36. f7+ Kh7 37. Kc1 Rd5 38. Nc4 Rc5 39. Nd2 Rf5
40. Rxf5 exf5 41. Nf3 Ng3 42. Rd1 Ne4 43. Ne5 Ng3 44. Rd3 Ne4 45. Rxd4 Kg7 46.
c4 Rh8 47. b4 Rxh3 48. Rd8 Kf6 49. Re8 Rh1+ 50. Kb2 Rh2+ 51. Ka3 Rh3+ 52. Ka4
Kg5 53. f8=Q Kf4 54. Nxg6+ Kg4 55. Rxe4+ fxe4 56. Qf4+ Kh5 57. Ne5 Rg3 58. Qxg3
e3 59. Qg6+ Kh4 60. Qg4# 1-0

[Event "ICS rated blitz match"]
[Site "204.178.125.65"]
[Date "2000.03.20"]
[Round "?"]
[White "Hossa"]
[Black "Muskovit3"]
[Result "0-1"]
[WhiteElo "2495"]
[BlackElo "2680"]
[PlyCount "200"]

1. d4 Nf6 2. c4 e6 3. g3 d5 4. Bg2 Be7 5. Nf3 O-O 6. O-O dxc4 7. Qc2 a6 8. Qxc4
b5 9. Qc2 Bb7 10. Bd2 Be4 11. Qc1 Bb7 12. Bf4 Nd5 13. Nc3 Nxf4 14. Qxf4 Qd6 15.
Ne5 Bxg2 16. Kxg2 f5 17. Rfd1 Nd7 18. Kg1 b4 19. Na4 Rfd8 20. Nd3 Qc6 21. Nac5
Nxc5 22. dxc5 a5 23. Rac1 Rd5 24. Rd2 Bf6 25. Qf3 Qd7 26. Qg2 Rd8 27. c6 Qe8
28. Rdc2 Bg5 29. Ra1 e5 30. h4 Bf6 31. Qh3 e4 32. Ne1 a4 33. Rb1 b3 34. axb3
axb3 35. Rc4 Qe6 36. Rb4 e3 37. Nd3 exf2+ 38. Kxf2 Bd4+ 39. Kf1 Qxc6 40. Rc1
Qd7 41. Rxb3 Be3 42. Ra1 c5 43. Rc3 c4 44. Ne1 Bd4 45. Rxc4 Bxb2 46. Rb1 Rd2
47. Rc2 Qe6 48. Rxd2 Rxd2 49. Qg2 Bf6 50. Nd3 Be7 51. Qa8+ Bf8 52. Re1 Ra2 53.
Qb8 Rc2 54. Nf4 Qe3 55. Nd5 Qc5 56. Rd1 Qc4 57. Qe8 Qe4 58. Qxe4 fxe4 59. Rd4
Rc5 60. Kg2 Kf7 61. Nb6 Re5 62. Nd7 Re6 63. Rc4 Bd6 64. g4 Re7 65. Nb6 Re5 66.
Rc8 Re6 67. Nc4 Kf6 68. g5+ Kf5 69. Ne3+ Kf4 70. Nd5+ Ke5 71. Nb6 Bb4 72. Nd7+
Kf4 73. Rc1 h6 74. gxh6 Rxh6 75. Rh1 Rg6+ 76. Kh3 Rg3+ 77. Kh2 Re3 78. Rf1+ Kg4
79. Rf2 Bd6+ 80. Kg1 Bg3 81. Rf7 Rxe2 82. Kf1 Rd2 83. Nc5 e3 84. Rxg7+ Kh3 85.
Rxg3+ Kxg3 86. Ne4+ Kf3 87. Ng5+ Kg4 88. Ne4 Rc2 89. Ke1 Kxh4 90. Kd1 Rb2 91.
Ke1 Kg4 92. Kf1 Rc2 93. Ke1 Kf4 94. Nf6 Kf3 95. Kd1 Ra2 96. Nd5 e2+ 97. Ke1 Rc2
98. Ne3 Rc1+ 99. Kd2 e1=Q+ 100. Kd3 Qxe3# 0-1

[Event "ICS rated blitz match"]
[Site "204.178.125.65"]
[Date "2000.03.20"]
[Round "?"]
[White "Muskovit3"]
[Black "Hossa"]
[Result "1-0"]
[WhiteElo "2688"]
[BlackElo "2487"]
[PlyCount "119"]

1. e4 e5 2. Nf3 Nc6 3. Bb5 a6 4. Ba4 Nf6 5. O-O Nxe4 6. d4 b5 7. Bb3 d5 8. dxe5
Be6 9. c3 Bc5 10. Nbd2 O-O 11. Bc2 Nxf2 12. Rxf2 f6 13. exf6 Bxf2+ 14. Kxf2
Qxf6 15. Nf1 Ne5 16. Be3 Rae8 17. Bc5 Rf7 18. N1d2 Bg4 19. Kg1 Nxf3+ 20. Nxf3
Bxf3 21. gxf3 Qg5+ 22. Kh1 Qh5 23. a4 Rxf3 24. axb5 axb5 25. Bd3 Qf7 26. Bxb5
Rd8 27. Ra7 Rb8 28. Qd2 Kh8 29. Bd4 Kg8 30. Qe2 Qf4 31. Bc6 Rf1+ 32. Kg2 Rf8
33. Bxd5+ Kh8 34. Be3 Qf5 35. c4 Qg6+ 36. Kh3 Qf5+ 37. Qg4 Qe5 38. Bd4 Qe7 39.
Ra8 Rxa8 40. Bxa8 c5 41. Bf3 Rxf3+ 42. Qxf3 Qe6+ 43. Qg4 Qxg4+ 44. Kxg4 cxd4
45. c5 d3 46. Kf3 g5 47. c6 Kg7 48. c7 d2 49. Ke2 d1=B+ 50. Kxd1 Kf6 51. c8=Q
Ke5 52. Qc7+ Kd5 53. b4 Kd4 54. b5 h5 55. b6 Ke4 56. b7 h4 57. b8=Q Kf3 58.
Qbb7+ Kg4 59. Qe4+ Kh3 60. Qf3# 1-0

[Event "ICS rated blitz match"]
[Site "204.178.125.65"]
[Date "2000.03.20"]
[Round "?"]
[White "Hossa"]
[Black "Muskovit3"]
[Result "0-1"]
[WhiteElo "2479"]
[BlackElo "2696"]
[PlyCount "74"]

1. d4 Nf6 2. c4 e6 3. Nc3 Bb4 4. e3 O-O 5. Nf3 d5 6. Bd3 c5 7. O-O Nc6 8. a3
Bxc3 9. bxc3 dxc4 10. Bxc4 Qc7 11. Bd3 e5 12. Qc2 Re8 13. Nxe5 Nxe5 14. dxe5
Qxe5 15. f3 Bd7 16. Rd1 Rad8 17. Rb1 Bc6 18. a4 Nd5 19. Bxh7+ Kh8 20. f4 Qxc3
21. Bd3 c4 22. Bh7 Qa5 23. Qf5 Qxa4 24. Rd4 Nf6 25. Bd2 Rxd4 26. exd4 Re2 27.
Qh3 Nxh7 28. Qc8+ Re8 29. Qg4 c3 30. Be1 c2 31. Rc1 Qxd4+ 32. Bf2 Qd2 33. Rf1
c1=Q 34. Be1 Qdxe1 35. Qf3 Bxf3 36. h4 Qxf1+ 37. Kh2 Qxg2# 0-1

[Event "ICS rated blitz match"]
[Site "204.178.125.65"]
[Date "2000.03.20"]
[Round "?"]
[White "Hossa"]
[Black "Hirug"]
[Result "1/2-1/2"]
[WhiteElo "2473"]
[BlackElo "2291"]
[PlyCount "57"]

1. e4 c6 2. d4 d5 3. exd5 cxd5 4. c4 Nf6 5. Nc3 e6 6. Nf3 Bb4 7. cxd5 Nxd5 8.
Bd2 O-O 9. Bd3 Nf6 10. Bg5 Be7 11. O-O Nbd7 12. Qc2 h6 13. Bf4 b6 14. Ne5 Bb7
15. Rfc1 Rc8 16. Nc4 Nb8 17. Be5 Nc6 18. Rd1 Nb4 19. Qb1 Nxd3 20. Qxd3 Ba6 21.
b3 Qd7 22. Bxf6 Bxf6 23. Ne4 Be7 24. Rac1 Rfd8 25. Rc2 Qd5 26. Qe2 Qf5 27. Ng3
Qd5 28. Ne4 Qf5 29. Ng3 1/2-1/2

[Event "ICS rated blitz match"]
[Site "204.178.125.65"]
[Date "2000.03.20"]
[Round "?"]
[White "tourevel"]
[Black "Hossa"]
[Result "0-1"]
[WhiteElo "2249"]
[BlackElo "2465"]
[PlyCount "48"]

1. e4 e5 2. Nf3 Nc6 3. Bb5 Nf6 4. O-O Bc5 5. c3 O-O 6. Re1 Re8 7. Bxc6 dxc6 8.
h3 Qd3 9. Qe2 Qxe2 10. Rxe2 b6 11. d4 exd4 12. cxd4 Bd6 13. e5 Nd5 14. Nc3 Ba6
15. Re1 Be7 16. Bd2 Nb4 17. Rad1 Nd3 18. Re3 Nxb2 19. Rde1 Nd3 20. Rb1 Rad8 21.
Ne1 Rxd4 22. Nxd3 Rxd3 23. Rxd3 Bxd3 24. Rd1 Bb4 0-1

[Event "ICS rated blitz match"]
[Site "204.178.125.65"]
[Date "2000.03.20"]
[Round "?"]
[White "Hossa"]
[Black "Bannon"]
[Result "1-0"]
[WhiteElo "2472"]
[BlackElo "2152"]
[PlyCount "43"]

1. d4 d5 2. c4 c5 3. cxd5 cxd4 4. Qa4+ Qd7 5. Qxd4 Nc6 6. Qd2 Ne5 7. Nc3 Nc4 8.
Qc2 e5 9. Nf3 f6 10. e4 Nd6 11. Bd3 Qc7 12. Be3 Bd7 13. O-O Ne7 14. Rfc1 Rc8
15. Qe2 Qb8 16. Nb5 Bxb5 17. Bxb5+ Kf7 18. Bd7 Rxc1+ 19. Rxc1 Ng6 20. Be6+ Ke8
21. Rc8+ Nxc8 22. Qb5+ 1-0

[Event "ICS rated standard match"]
[Site "204.178.125.65"]
[Date "2000.03.20"]
[Round "?"]
[White "alkhateeb"]
[Black "Hossa"]
[Result "1-0"]
[WhiteElo "2243"]
[BlackElo "2276"]
[PlyCount "161"]

1. d4 d5 2. Nf3 Nf6 3. Bf4 Bf5 4. c4 dxc4 5. Nc3 e6 6. e3 Nd5 7. Bxc4 Nxf4 8.
exf4 Bd6 9. Ne5 Nd7 10. g4 Bxe5 11. fxe5 Bg6 12. h4 h5 13. g5 O-O 14. Ne2 Nb6
15. Bb3 Be4 16. Rh3 g6 17. Re3 Bd5 18. Ng3 Qd7 19. Bc2 Rfd8 20. Nxh5 gxh5 21.
Qxh5 Nc4 22. Qh6 Nxe3 23. fxe3 c5 24. O-O-O cxd4 25. g6 fxg6 26. Rg1 Qg7 27.
Rxg6 Rd7 28. exd4 Rf8 29. Rxg7+ Rxg7 30. Bg6 Rf1+ 31. Kd2 Rf2+ 32. Ke1 Rg2 33.
h5 Bxa2 34. Kf1 Bd5 35. Qc1 Bc6 36. d5 R2xg6 37. hxg6 exd5 38. Qg5 Be8 39. Qd8
Kf8 40. Qd6+ Kg8 41. Qxd5+ Kf8 42. Qd6+ Kg8 43. Qb8 Kf8 44. Qd6+ Kg8 45. Qb8
Kf8 46. Qxa7 Bxg6 47. Qc5+ Kg8 48. e6 Be8 49. Kf2 Bc6 50. b4 Rg2+ 51. Kf1 Rg6
52. Qf5 Rg7 53. b5 Be8 54. Kf2 b6 55. Ke3 Rg3+ 56. Kf4 Rg1 57. Ke3 Rg3+ 58. Kd4
Rg7 59. Qe5 Rg6 60. Ke3 Rg1 61. Kf4 Rf1+ 62. Kg5 Rg1+ 63. Kf6 Rf1+ 64. Ke7 Bg6
65. Qb8+ Kh7 66. Qxb6 Bd3 67. Qb7 Kh6 68. b6 Rb1 69. Qf3 Bg6 70. b7 Rb4 71.
Qf8+ Kh5 72. b8=Q Rxb8 73. Qxb8 Kg4 74. Kf6 Bd3 75. e7 Bf1 76. e8=Q Kf3 77.
Qbe5 Bd3 78. Qe3+ Kg2 79. Qxd3 Kh2 80. Qee2+ Kg1 81. Qdd1# 1-0

[Event "ICS rated standard match"]
[Site "204.178.125.65"]
[Date "2000.03.20"]
[Round "?"]
[White "Hossa"]
[Black "MM3Quick"]
[Result "1-0"]
[WhiteElo "2258"]
[BlackElo "2130"]
[PlyCount "73"]

1. e4 d6 2. d4 c6 3. Bd3 e5 4. Nf3 Nf6 5. dxe5 dxe5 6. Nbd2 Bg4 7. h3 Bh5 8. g4
Bg6 9. Nxe5 Nbd7 10. Nxg6 hxg6 11. g5 Nh5 12. Nf3 Qc7 13. Be3 O-O-O 14. Qd2 Nc5
15. Bxc5 Bxc5 16. O-O-O Rhe8 17. e5 Qb6 18. Rh2 Kb8 19. c3 Ng3 20. b4 Ne4 21.
Qe1 Nxc3 22. Qxc3 Bxb4 23. Qb3 Rd5 24. a3 Rc5+ 25. Bc2 Bxa3+ 26. Qxa3 Ra5 27.
Qc3 Rc5 28. Qd2 a5 29. Qd7 Rc8 30. Qxf7 a4 31. Rd3 Qb4 32. Rh1 a3 33. Qb3 Qf4+
34. Kd1 Ra5 35. Rd7 Ra7 36. Rf7 a2 37. Ke2 1-0

[Event "ICS rated standard match"]
[Site "204.178.125.65"]
[Date "2000.03.20"]
[Round "?"]
[White "star"]
[Black "Hossa"]
[Result "1-0"]
[WhiteElo "2528"]
[BlackElo "2268"]
[PlyCount "123"]

1. e4 Nf6 2. e5 Nd5 3. d4 d6 4. Nf3 Bg4 5. Be2 e6 6. O-O Be7 7. c4 Nb6 8. Nc3
O-O 9. Be3 N8d7 10. b3 a5 11. h3 Bh5 12. exd6 cxd6 13. Qc2 Nf6 14. Rfd1 Bg6 15.
Bd3 Bh5 16. g4 Bg6 17. Bxg6 hxg6 18. Kg2 d5 19. c5 Nbd7 20. Bf4 Rc8 21. a3 b6
22. b4 Nh7 23. Qd2 Nhf6 24. Re1 Ra8 25. Qd3 Nb8 26. Qe2 axb4 27. axb4 Rxa1 28.
Rxa1 Qc8 29. Ra7 Bd8 30. Nb5 Nc6 31. Nd6 Qb8 32. Rxf7 Rxf7 33. Qxe6 Qa7 34.
Nxf7 Qxf7 35. Qxc6 Qe8 36. Ne5 bxc5 37. bxc5 Kh7 38. Qxe8 Nxe8 39. Nc6 g5 40.
Nxd8 gxf4 41. Ne6 Kg8 42. c6 Kf7 43. c7 f3+ 44. Kxf3 Nd6 45. Nf4 Ke7 46. Nxd5+
Kd7 47. Kf4 Kc6 48. Ke5 Kd7 49. h4 Nb5 50. h5 Na7 51. g5 Ke8 52. Nb6 Nc8 53.
Nxc8 Kd7 54. h6 gxh6 55. g6 Kxc7 56. g7 Kc6 57. g8=Q Kb5 58. Qb3+ Kc6 59. Nd6
Kc7 60. Qb7+ Kd8 61. Qc8+ Ke7 62. Qe8# 1-0

[Event "ICS rated blitz match"]
[Site "204.178.125.65"]
[Date "2000.03.20"]
[Round "?"]
[White "Bergmann"]
[Black "Hossa"]
[Result "0-1"]
[WhiteElo "2063"]
[BlackElo "2476"]
[PlyCount "132"]

1. e4 e5 2. c4 Nc6 3. g3 Nf6 4. Bg2 Bb4 5. Nc3 d6 6. h3 O-O 7. Nge2 Bd7 8. O-O
Qc8 9. Kh2 Nd4 10. f4 Bc5 11. f5 Nxe2 12. Qxe2 c6 13. d3 Bd4 14. Bg5 Qd8 15.
Qd2 Qe7 16. a3 Rfc8 17. Rab1 a5 18. Na4 Ra6 19. g4 b5 20. Nc3 bxc4 21. dxc4 h6
22. Be3 Bxe3 23. Qxe3 Rb8 24. g5 hxg5 25. Qxg5 d5 26. cxd5 cxd5 27. exd5 Nxd5
28. Qxe7 Nxe7 29. f6 Rxf6 30. Rxf6 gxf6 31. Nd5 Nxd5 32. Bxd5 Be6 33. Bf3 Rb3
34. Bc6 Rxh3+ 35. Kg2 Bg4 36. b4 Rxa3 37. b5 Bf5 38. Rb2 Bh3+ 39. Kh2 Be6 40.
b6 Rh3+ 41. Kg2 Bc8 42. b7 Bxb7 43. Bxb7 Rh4 44. Bd5 Rd4 45. Ba2 Rb4 46. Rxb4
axb4 47. Kf3 f5 48. Bb1 f4 49. Ke4 b3 50. Bd3 b2 51. Bc2 f5+ 52. Kxf5 f3 53.
Kxe5 f2 54. Bb3+ Kg7 55. Bc4 f1=Q 56. Bxf1 b1=Q 57. Bc4 Qb2+ 58. Kd5 Qb4 59.
Kd4 Kf6 60. Kd3 Ke5 61. Bd5 Qd4+ 62. Ke2 Qxd5 63. Kf2 Kf4 64. Ke2 Qd4 65. Ke1
Kf3 66. Kf1 Qd1# 0-1

[Event "ICS rated blitz match"]
[Site "204.178.125.65"]
[Date "2000.03.20"]
[Round "?"]
[White "Hossa"]
[Black "Bergmann"]
[Result "1-0"]
[WhiteElo "2479"]
[BlackElo "2060"]
[PlyCount "153"]

1. c4 c6 2. d4 e6 3. Nf3 g6 4. e4 d5 5. Nc3 Bg7 6. exd5 exd5 7. Bf4 Ne7 8. cxd5
Nxd5 9. Nxd5 Qxd5 10. Be2 O-O 11. O-O Nd7 12. b3 Nf6 13. Re1 Bg4 14. Be5 Rfe8
15. Qc2 Bf5 16. Bd3 Bxd3 17. Qxd3 Nh5 18. Rac1 Qd7 19. Bxg7 Nxg7 20. Ne5 Qd6
21. Nc4 Qd7 22. Ne5 Qd6 23. Re4 f6 24. Qc4+ Qe6 25. Nd7 Qxc4 26. bxc4 Rxe4 27.
Nxf6+ Kf7 28. Nxe4 Rd8 29. Rd1 Nf5 30. d5 cxd5 31. cxd5 Nd6 32. Ng5+ Kg8 33.
Ne6 Rd7 34. h3 b5 35. h4 Nc4 36. Rd3 Kf7 37. Nc5 Rd6 38. h5 Ne5 39. hxg6+ hxg6
40. Rd1 Nc4 41. Ne4 Rd7 42. Ng5+ Kf6 43. f4 Kf5 44. Rd4 Ne3 45. d6 Nc4 46. Ne4
Kxf4 47. Nc5+ Ke5 48. Rxc4 bxc4 49. Nxd7+ Kxd6 50. Nf6 c3 51. Ne4+ Kd5 52.
Nxc3+ Kc4 53. Nb1 Kd3 54. Kf2 Kc2 55. Na3+ Kb2 56. Nc4+ Kxa2 57. Kf3 Kb3 58.
Na5+ Kb4 59. Nc6+ Kc5 60. Nxa7 Kd6 61. Kf4 Ke6 62. Kg5 Kf7 63. Nc6 Kg7 64. Ne5
Kh7 65. Kf6 Kh6 66. g4 g5 67. Nf7+ Kh7 68. Nxg5+ Kg8 69. Ne6 Kh7 70. g5 Kg8 71.
g6 Kh8 72. g7+ Kh7 73. Ng5+ Kh6 74. Nf7+ Kh5 75. g8=Q Kh4 76. Qg2 Kh5 77. Qh3#
1-0

[Event "ICS rated blitz match"]
[Site "204.178.125.65"]
[Date "2000.03.20"]
[Round "?"]
[White "Bergmann"]
[Black "Hossa"]
[Result "0-1"]
[WhiteElo "2057"]
[BlackElo "2482"]
[PlyCount "26"]

1. e4 c5 2. c4 Nc6 3. g3 Nf6 4. Bg2 d6 5. Ne2 Ne5 6. d3 e6 7. Nf4 g5 8. Nh5
Nxh5 9. Qxh5 Nxd3+ 10. Ke2 Nxc1+ 11. Rxc1 Bg7 12. Rc2 Bxb2 13. Rxb2 Qf6 0-1

[Event "ICS rated blitz match"]
[Site "204.178.125.65"]
[Date "2000.03.20"]
[Round "?"]
[White "Hossa"]
[Black "Bergmann"]
[Result "1-0"]
[WhiteElo "2485"]
[BlackElo "2054"]
[PlyCount "79"]

1. d4 c6 2. c4 d5 3. cxd5 cxd5 4. e3 Nf6 5. Nf3 e6 6. Nc3 Nc6 7. Bd2 a6 8. Bd3
Bd6 9. Rc1 O-O 10. O-O Bd7 11. Ng5 h6 12. Nf3 b5 13. e4 dxe4 14. Nxe4 Nxe4 15.
Bxe4 Rc8 16. Be3 f5 17. Bd3 Qf6 18. Rc3 Nb4 19. Bb1 Rxc3 20. bxc3 Nd5 21. Bd2
Rc8 22. Qb3 Nb6 23. Re1 Nc4 24. Bd3 Nxd2 25. Nxd2 Kh8 26. Nf3 Re8 27. Ne5 Bxe5
28. Rxe5 Bc6 29. Qb2 Qg5 30. f3 Bd5 31. Bxf5 Qf4 32. Bb1 g5 33. Bf5 h5 34. Bg6
Rf8 35. Bxh5 Bc4 36. g3 Qf6 37. Qd2 a5 38. Rxg5 Be2 39. Rg6 Qf5 40. Qh6# 1-0

[Event "ICS rated blitz match"]
[Site "204.178.125.65"]
[Date "2000.03.20"]
[Round "?"]
[White "Hossa"]
[Black "TwinJet"]
[Result "0-1"]
[WhiteElo "2487"]
[BlackElo "2682"]
[PlyCount "136"]

1. e4 c6 2. d4 d5 3. exd5 cxd5 4. c4 Nf6 5. Nc3 Nc6 6. Bg5 Qa5 7. Bxf6 exf6 8.
cxd5 Bb4 9. Qd2 Bxc3 10. bxc3 Qxd5 11. Ne2 O-O 12. Nf4 Qd6 13. Be2 Bf5 14. O-O
Rac8 15. Rfe1 Ne5 16. Qe3 Nc4 17. Bxc4 Rxc4 18. Qf3 Rfc8 19. g4 Bd7 20. Qxb7
R4c6 21. Nd3 Rxc3 22. Nc5 Bxg4 23. Qxc8+ Bxc8 24. Re8+ Qf8 25. Rxf8+ Kxf8 26.
Rb1 Bh3 27. Rb8+ Ke7 28. Rb7+ Kd8 29. Rb1 Rc4 30. Rd1 Rc2 31. a4 Ke7 32. Nb7
Kd7 33. Nc5+ Kd6 34. f3 Bf5 35. a5 Kd5 36. Na6 Rc4 37. Kf2 Bc8 38. Nc5 Rxd4 39.
Rxd4+ Kxd4 40. Ne4 Be6 41. Nd6 f5 42. Ne8 g6 43. Nc7 Kc5 44. Ke3 Kc6 45. Nxe6
fxe6 46. Kf4 Kb5 47. Ke5 Kxa5 48. Kxe6 Kb4 49. Kf6 a5 50. h4 a4 51. Kg7 a3 52.
Kxh7 a2 53. Kxg6 a1=Q 54. h5 f4 55. h6 Kc4 56. Kf7 Kd3 57. Kg8 Qa8+ 58. Kf7
Qxf3 59. Kg7 Qg4+ 60. Kh8 Qf5 61. Kg8 Qg6+ 62. Kf8 Qxh6+ 63. Kg8 f3 64. Kf7 f2
65. Kg8 Qg6+ 66. Kh8 Qh5+ 67. Kg8 f1=Q 68. Kg7 Qff7# 0-1